| 000 | 03575nam a22005895i 4500 | ||
|---|---|---|---|
| 001 | 978-3-319-60498-5 | ||
| 003 | DE-He213 | ||
| 005 | 20210118124012.0 | ||
| 007 | cr nn 008mamaa | ||
| 008 | 170630s2017 gw | s |||| 0|eng d | ||
| 020 |
_a9783319604985 _9978-3-319-60498-5 |
||
| 024 | 7 |
_a10.1007/978-3-319-60498-5 _2doi |
|
| 050 | 4 | _aQC793-793.5 | |
| 050 | 4 | _aQC174.45-174.52 | |
| 072 | 7 |
_aPHQ _2bicssc |
|
| 072 | 7 |
_aSCI051000 _2bisacsh |
|
| 072 | 7 |
_aPHQ _2thema |
|
| 082 | 0 | 4 |
_a539.72 _223 |
| 100 | 1 |
_aDelgado López, Rafael. _eauthor. _4aut _4http://id.loc.gov/vocabulary/relators/aut |
|
| 245 | 1 | 0 |
_aStudy of the Electroweak Symmetry Breaking Sector for the LHC _h[electronic resource] / _cby Rafael Delgado López. |
| 250 | _a1st ed. 2017. | ||
| 264 | 1 |
_aCham : _bSpringer International Publishing : _bImprint: Springer, _c2017. |
|
| 300 |
_aXV, 197 p. 55 illus., 16 illus. in color. _bonline resource. |
||
| 336 |
_atext _btxt _2rdacontent |
||
| 337 |
_acomputer _bc _2rdamedia |
||
| 338 |
_aonline resource _bcr _2rdacarrier |
||
| 347 |
_atext file _bPDF _2rda |
||
| 490 | 1 |
_aSpringer Theses, Recognizing Outstanding Ph.D. Research, _x2190-5053 |
|
| 505 | 0 | _aIntroduction -- Chiral EW Lagrangian -- Scattering Amplitudes -- Analytical Properties and Unitarization -- Study of the Parameter Space -- Conclusions. | |
| 520 | _aIn this dissertation, we revisit the prospects of a strongly interacting theory for the Electroweak Symmetry Breaking Sector of the Standard Model, after the discovery of a Higgs-like boson at 125GeV. As the LHC constrains new phenomena near the Higgs mass, it is natural to assume that the new scale is of order 1TeV. This mass gap might indicate strongly interacting new physics. This work is of quite general validity and model independence. With only a few parameters at the Lagrangian level, multiple channels (possibly with new physics resonances) are describable, and many BSM theories can be treated. It will be of interest to postgraduate students and researchers, and is accessible to newcomers in the field. Many calculations are given in full detail and there are ample graphical illustrations. | ||
| 650 | 0 | _aElementary particles (Physics). | |
| 650 | 0 | _aQuantum field theory. | |
| 650 | 0 | _aString theory. | |
| 650 | 1 | 4 |
_aElementary Particles, Quantum Field Theory. _0http://scigraph.springernature.com/things/product-market-codes/P23029 |
| 650 | 2 | 4 |
_aQuantum Field Theories, String Theory. _0http://scigraph.springernature.com/things/product-market-codes/P19048 |
| 710 | 2 | _aSpringerLink (Online service) | |
| 773 | 0 | _tSpringer eBooks | |
| 776 | 0 | 8 |
_iPrinted edition: _z9783319604978 |
| 776 | 0 | 8 |
_iPrinted edition: _z9783319604992 |
| 776 | 0 | 8 |
_iPrinted edition: _z9783319868714 |
| 830 | 0 |
_aSpringer Theses, Recognizing Outstanding Ph.D. Research, _x2190-5053 |
|
| 856 | 4 | 0 | _uhttps://doi.org/10.1007/978-3-319-60498-5 |
| 912 | _aZDB-2-PHA | ||
| 999 |
_c446348 _d446348 |
||
| 942 | _cEB | ||
| 506 | _aAvailable to subscribing member institutions only. Доступно лише організаціям членам підписки. | ||
| 506 | _fOnline access from local network of NaUOA. | ||
| 506 | _fOnline access with authorization at https://link.springer.com/ | ||
| 506 | _fОнлайн-доступ з локальної мережі НаУОА. | ||
| 506 | _fОнлайн доступ з авторизацією на https://link.springer.com/ | ||